| 000 | 00751nam a22002177a 4500 | ||
|---|---|---|---|
| 999 |
_c17149 _d17149 |
||
| 003 | AR-CdUCM | ||
| 008 | 190507b ||||| |||| 00| 0 spa d | ||
| 040 |
_aMUNICIPALIDAD PROVINCIAL DEL CUSCO _cBIBLIOTECA MUNICIPAL DEL CUSCO |
||
| 082 |
_a868.67 / _bJ55 |
||
| 100 |
_aJiménez, Juan Ramón _912934 |
||
| 245 |
_aPajinas escojidas : _bverso / |
||
| 260 |
_aMadrid : _bEdit. Gredos, _c1958. |
||
| 300 |
_a238 paginas ; _c20 cm. |
||
| 505 | _aContenido : Primeras poesías -- Arias tristes -- Jardines lejanos --Las hojas verdes -- Baladas de primavera... | ||
| 650 |
_aPoesías _914363 |
||
| 650 |
_aPoemas mágicos _937005 |
||
| 650 |
_aVersos _92209 |
||
| 650 |
_aLiteratura europea _9894 |
||
| 942 |
_2ddc _cLIBROS |
||
| 945 |
_awnts _d2019-05-7 |
||